000 00492pab a2200181 454500
008 180718b2002 xxu||||| |||| 00| 0 eng d
100 _aChand, Himal
245 _aGrowth and determinants of rural non-farm employment in Punjab
260 _c2002
300 _ap.98-112.
362 _aJun
650 _aEconomic growth - India - Punjab
650 _aEmployment - India - Punjab
650 _aEmployment
650 _aEconomic growth
773 _aMan and Development
909 _a65732
999 _c65732
_d65732